Galatians : (Record no. 20882)

MARC details
000 -LEADER
fixed length control field 01366pam a2200373 a 4500
001 - CONTROL NUMBER
control field 3486767
003 - CONTROL NUMBER IDENTIFIER
control field OSt
005 - DATE AND TIME OF LATEST TRANSACTION
control field 20251203123430.0
008 - FIXED-LENGTH DATA ELEMENTS--GENERAL INFORMATION
fixed length control field 940512s1995 miua b 001 0 eng
010 ## - LIBRARY OF CONGRESS CONTROL NUMBER
LC control number 94018276
020 ## - INTERNATIONAL STANDARD BOOK NUMBER
International Standard Book Number 0310484707
Qualifying information acid-free paper
020 ## - INTERNATIONAL STANDARD BOOK NUMBER
Canceled/invalid ISBN 9780310571445 (epub)
020 ## - INTERNATIONAL STANDARD BOOK NUMBER
International Standard Book Number 9780310484707
Qualifying information (acid-free paper)
035 ## - SYSTEM CONTROL NUMBER
System control number 3486767
040 ## - CATALOGING SOURCE
Original cataloging agency DLC
Transcribing agency DLC
Modifying agency DLC
050 00 - LIBRARY OF CONGRESS CALL NUMBER
Classification number BS2685.3
Item number .M34 1995
082 00 - DEWEY DECIMAL CLASSIFICATION NUMBER
Classification number 227/.407
Edition number 20
100 1# - MAIN ENTRY--PERSONAL NAME
Personal name McKnight, Scot.
245 10 - TITLE STATEMENT
Title Galatians :
Remainder of title from Biblical text-- to contemporary life /
Statement of responsibility, etc. Scot McKnight.
260 ## - PUBLICATION, DISTRIBUTION, ETC. (IMPRINT)
Place of publication, distribution, etc. Grand Rapids, Mich. :
Name of publisher, distributor, etc. Zondervan,
Date of publication, distribution, etc. c1995.
300 ## - PHYSICAL DESCRIPTION
Extent 320 p. :
Other physical details ill. ;
Dimensions 24 cm.
336 ## - CONTENT TYPE
Content type term text
Content type code txt
Source rdacontent
337 ## - MEDIA TYPE
Media type term unmediated
Media type code n
Source rdamedia
338 ## - CARRIER TYPE
Carrier type term volume
Carrier type code nc
Source rdacarrier
440 #4 - SERIES STATEMENT/ADDED ENTRY--TITLE
Title The NIV application commentary
504 ## - BIBLIOGRAPHY, ETC. NOTE
Bibliography, etc Includes bibliographical references and index.
630 00 - SUBJECT ADDED ENTRY--UNIFORM TITLE
Uniform title Bible.
Name of part/section of a work Galatians
General subdivision Commentaries.
730 02 - ADDED ENTRY--UNIFORM TITLE
Uniform title Bible.
Name of part/section of a work Galatians.
Language of a work English.
Version New International.
Date of a work 1995.
856 42 - ELECTRONIC LOCATION AND ACCESS
Materials specified Publisher description
Uniform Resource Identifier <a href="http://www.loc.gov/catdir/enhancements/fy0633/94018276-d.html">http://www.loc.gov/catdir/enhancements/fy0633/94018276-d.html</a>
906 ## - LOCAL DATA ELEMENT F, LDF (RLIN)
a 7
b cbc
c orignew
d 1
e ocip
f 19
g y-gencatlg
942 ## - ADDED ENTRY ELEMENTS (KOHA)
Source of classification or shelving scheme Library of Congress Classification
Koha item type General Collection
Holdings
Withdrawn status Lost status Source of classification or shelving scheme Not for loan Home library Current library Shelving location Date acquired Source of acquisition Inventory number Total Checkouts Full call number Barcode Date last seen Copy number Price effective from Koha item type
    Library of Congress Classification   Kabarak, Main Campus Kabarak, Main Campus General Stacks 03/12/2025 Donation 2025/2267   BS2685.3 .M34 1995 C.1 39963 03/12/2025 C.1 03/12/2025 General Collection
Designed with assistance from East African Informatics Ltd